000 00688nam a2200217Ia 4500
001 15532
003 GE_BSU
008 181216s||||||||xx |||||||||||||| ||und||
040 _cGE_BSU
100 _aჩხეიძე,ბორის
245 _aჭიშკართან
245 _bმოთხრობები
245 _cრედ.ჯ.ნიქაბაძე. მხატვ.ვ.მდინარაძე
260 _aთბილისი
260 _bსაბჭოთა საქართველო
260 _c1970
300 _a230გვ.16სმ.
653 _aმოთხრობები
653 _aჭიშკართან
942 _cBK
999 _c48632
_d48632